000 00520nam a2200193Ia 4500
003 GCL
008 140319s9999 xx 000 0 eng d
040 _aGCL /
_cGCL
082 0 4 _a914.701
_bB R
100 1 _aBATER, JAMES H
245 1 0 _aRUSSIA AND THE POST - SOVIET SCENE: A GEOGRAPHICAL PRESPECTIVE /
_cBATER, JAMES H
260 _a[S.N] :
_bARNOLD PUBLISHERS ،
_c1996
300 _a354 P
650 0 4 _aGEOGRAPHY
650 0 4 _aHUMAN GEOGRAPHY
650 0 4 _aSOVIET UNION
650 0 4 _aRUSSIA
942 _2ddc
_cBK
999 _c13405
_d13405